[Event "World Senior Teams +65"]
[Site "Radebeul GER"]
[Date "2016.06.28"]
[Round "3.25"]
[Board "3"]
[White "Gafke, Manfred"]
[Black "Scowen, Roger S"]
[Result "1/2-1/2"]
[WhiteElo "1816"]
[BlackElo "1849"]
[WhiteTeam "Dresdner Seniorenklub"]
[BlackTeam "England 3"]
[WhiteFideId "24602493"]
[BlackFideId "418293"]
[EventDate "2016.06.26"]

1. d4 e6 2. Bf4 f5 3. Nf3 Nf6 4. Nbd2 Be7 5. Be5 O-O 6. Bxf6 Bxf6 7. e3 d6 8. g3
Bd7 9. Bg2 Bc6 10. O-O e5 11. dxe5 dxe5 12. c3 Na6 13. Qc2 g6 14. Rfd1 Qe7 15.
Nc4 Nc5 16. b4 Ba4 17. Qb2 Bxd1 18. bxc5 Bxf3 19. Bxf3 e4 20. Be2 Qxc5 21. Qb3
Kg7 22. Rd1 b6 23. Rd7+ Kh6 24. Qd1 b5 25. Qf1 Be7 26. Qh3+ Kg7 27. Na5 Rf7 28.
g4 Rd8 29. Nb7 1/2-1/2

[Event "World Senior Teams +65"]
[Site "Radebeul GER"]
[Date "2016.06.28"]
[Round "3.25"]
[Board "4"]
[White "Emerton, Keith"]
[Black "Neffe, Guenther"]
[Result "1-0"]
[WhiteElo "1789"]
[BlackElo "1606"]
[WhiteTeam "England 3"]
[BlackTeam "Dresdner Seniorenklub"]
[WhiteFideId "447072"]
[BlackFideId "12903388"]
[EventDate "2016.06.26"]

1. Nf3 Nf6 2. g3 g6 3. Bg2 Bg7 4. d3 h6 5. e4 d6 6. O-O e5 7. c3 Bg4 8. h3 Bxf3
9. Bxf3 O-O 10. Bg2 c5 11. a4 Nc6 12. Be3 b6 13. Na3 a6 14. Qd2 Kh7 15. f4 Re8
16. Rae1 Ra7 17. f5 g5 18. g4 Ng8 19. Bf3 f6 20. Rf2 Nge7 21. Rh2 Rh8 22. Bd1 d5
23. Bb3 Na5 24. Ba2 dxe4 25. dxe4 Rd7 26. Qc2 Qc7 27. Rd1 Rxd1+ 28. Qxd1 Rd8 29.
Rd2 Rxd2 30. Qxd2 Nac6 31. Bc4 a5 32. Be6 Qd8 33. Qxd8 Nxd8 34. Bd7 Bf8 35. Nc4
Nec6 36. Bxc6 Nxc6 37. Nxb6 Nd4 38. cxd4 cxd4 39. Bd2 Bc5 40. Nc4 d3+ 41. Kf1
Kg7 42. Nxa5 Kf7 43. Nb3 Ba7 44. Nc1 Ke7 45. b4 Kd7 46. Nxd3 Kc6 47. b5+ Kb6 48.
Be3+ Kb7 49. Bxa7 1-0

[Event "World Senior Teams +65"]
[Site "Radebeul GER"]
[Date "2016.06.29"]
[Round "4.1"]
[Board "1"]
[White "Faibisovich, Vadim Z"]
[Black "Sveshnikov, Evgeny"]
[Result "1/2-1/2"]
[WhiteTitle "IM"]
[BlackTitle "GM"]
[WhiteElo "2348"]
[BlackElo "2509"]
[WhiteTeam "Sankt-Petersburg"]
[BlackTeam "Russia 65+"]
[WhiteFideId "4102703"]
[BlackFideId "4100638"]
[EventDate "2016.06.26"]

1. e4 c5 2. Nf3 Nc6 3. Bb5 e6 4. O-O Nge7 5. c3 a6 6. Be2 d5 7. exd5 Nxd5 8. d4
Nf6 9. Be3 cxd4 10. Nxd4 Bd7 11. c4 Nxd4 12. Qxd4 Bc6 13. Nc3 Qxd4 1/2-1/2

[Event "World Senior Teams +65"]
[Site "Radebeul GER"]
[Date "2016.06.29"]
[Round "4.1"]
[Board "2"]
[White "Balashov, Yuri S"]
[Black "Mishuchkov, Nikolai M."]
[Result "1/2-1/2"]
[WhiteTitle "GM"]
[BlackTitle "IM"]
[WhiteElo "2408"]
[BlackElo "2306"]
[WhiteTeam "Russia 65+"]
[BlackTeam "Sankt-Petersburg"]
[WhiteFideId "4100263"]
[BlackFideId "4102401"]
[EventDate "2016.06.26"]

1. d4 Nf6 2. c4 e6 3. Nf3 Bb4+ 4. Nbd2 b6 5. e3 Bb7 6. Bd3 O-O 7. O-O d5 8. a3
Be7 9. b4 c5 10. bxc5 dxc4 11. Nxc4 bxc5 12. Qe2 cxd4 13. Nxd4 Nc6 14. Bb2 Nxd4
15. Bxd4 Qd5 16. f3 Rfc8 17. Rab1 Bc6 18. Rfd1 Qh5 19. Rdc1 Be8 20. e4 Bc5 21.
Bf2 Nd7 22. f4 f6 23. h3 Qxe2 24. Bxe2 Bg6 25. Bxc5 Rxc5 26. Nd6 Kf8 27. f5 exf5
28. exf5 Be8 29. Bb5 Rb8 30. a4 a6 31. Bxa6 Rxb1 32. Rxb1 Rc6 33. Nxe8 Rxa6 34.
Nc7 Rxa4 35. Ne6+ Kf7 36. Rb7 Ra1+ 37. Kf2 Rd1 38. Ke2 1/2-1/2

[Event "World Senior Teams +65"]
[Site "Radebeul GER"]
[Date "2016.06.29"]
[Round "4.1"]
[Board "4"]
[White "Pushkov, Nikolai"]
[Black "Blechzin, Igor"]
[Result "1-0"]
[WhiteTitle "GM"]
[BlackTitle "IM"]
[WhiteElo "2315"]
[BlackElo "2349"]
[WhiteTeam "Russia 65+"]
[BlackTeam "Sankt-Petersburg"]
[WhiteFideId "4117131"]
[BlackFideId "4116208"]
[EventDate "2016.06.26"]

1. Nf3 c5 2. c4 Nf6 3. Nc3 e6 4. e3 d5 5. cxd5 Nxd5 6. d4 Nc6 7. Bc4 cxd4 8.
exd4 Bb4 9. Qd3 O-O 10. O-O Be7 11. a3 Nxc3 12. bxc3 Bf6 13. Re1 Bd7 14. Qe4 Qa5
15. Rb1 b6 16. Rb5 Qa4 17. Bd3 g6 18. Bh6 Qxa3 19. Bxf8 Rxf8 20. Rbb1 Rc8 21.
Qf4 Bg7 22. Ng5 Nd8 23. Ne4 f5 24. Ra1 Qe7 25. Ba6 e5 26. Qg5 Qxg5 27. Nxg5 Rxc3
28. dxe5 Ne6 29. Rad1 Nxg5 30. Rxd7 Ne6 31. Bb7 Rc5 32. Bd5 Rxd5 33. Rxd5 Bf8
34. Rd7 a5 35. Rd6 Kf7 36. Rxb6 a4 37. Rb7+ Kg8 38. Ra7 a3 39. Rc1 1-0

[Event "World Senior Teams +65"]
[Site "Radebeul GER"]
[Date "2016.06.29"]
[Round "4.2"]
[Board "1"]
[White "Rooze, Jan"]
[Black "Rotstein, Jefim"]
[Result "1-0"]
[WhiteTitle "IM"]
[BlackTitle "FM"]
[WhiteElo "2322"]
[BlackElo "2332"]
[WhiteTeam "Belgium 1"]
[BlackTeam "Germany 2"]
[WhiteFideId "200050"]
[BlackFideId "14101033"]
[EventDate "2016.06.26"]

1. e4 c5 2. Nf3 e6 3. Nc3 a6 4. d4 cxd4 5. Nxd4 d6 6. Be3 Nf6 7. Be2 b5 8. Bf3
e5 9. Nf5 d5 10. Bg5 d4 11. Nd5 Qa5+ 12. Bd2 Qd8 13. Nxf6+ Qxf6 14. O-O g6 15.
Nxd4 Ra7 16. Nb3 Be6 17. Be3 Rd7 18. Qc1 Rc7 19. Bg5 Qg7 20. Rd1 Nd7 21. Qd2 f6
22. Be3 Be7 23. a4 Kf7 24. axb5 axb5 25. Ra6 Bxb3 26. cxb3 Rb8 27. Bg4 Nc5 28.
Qd5+ Ke8 29. Ra8 Rxa8 30. Qxa8+ Kf7 31. b4 f5 32. exf5 h5 33. fxg6+ Qxg6 34.
Qf3+ 1-0

[Event "World Senior Teams +65"]
[Site "Radebeul GER"]
[Date "2016.06.29"]
[Round "4.2"]
[Board "2"]
[White "Khanukov, Boris"]
[Black "Van Herck, Marcel"]
[Result "1-0"]
[WhiteTitle "IM"]
[WhiteElo "2323"]
[BlackElo "2155"]
[WhiteTeam "Germany 2"]
[BlackTeam "Belgium 1"]
[WhiteFideId "4680898"]
[BlackFideId "200344"]
[EventDate "2016.06.26"]

1. d4 Nf6 2. Nf3 d5 3. g3 Bf5 4. Bg2 c6 5. Nh4 Bg6 6. O-O e6 7. Nc3 Be7 8. Nxg6
hxg6 9. e4 dxe4 10. Nxe4 Nxe4 11. Bxe4 Bg5 12. c4 Bxc1 13. Rxc1 Nd7 14. d5 Nf6
15. Re1 exd5 16. cxd5 O-O 17. dxc6 Nxe4 18. Qxd8 Raxd8 19. Rxe4 bxc6 20. Rxc6
Rd2 21. Ra6 Rxb2 22. Rxa7 g5 23. Re5 g6 24. Rxg5 Rc8 25. Rg4 1-0

[Event "World Senior Teams +65"]
[Site "Radebeul GER"]
[Date "2016.06.29"]
[Round "4.2"]
[Board "3"]
[White "Schuermans, Robert"]
[Black "Salov, Sergej"]
[Result "0-1"]
[BlackTitle "IM"]
[WhiteElo "2128"]
[BlackElo "2198"]
[WhiteTeam "Belgium 1"]
[BlackTeam "Germany 2"]
[WhiteFideId "200263"]
[BlackFideId "4107926"]
[EventDate "2016.06.26"]

1. e4 c5 2. Nf3 e6 3. d4 cxd4 4. Nxd4 a6 5. Nc3 Qc7 6. Bd3 Nf6 7. f4 d6 8. Be3
Nc6 9. Nb3 b5 10. Qf3 Bb7 11. g4 d5 12. g5 dxe4 13. Nxe4 Nd5 14. O-O-O Nxe3 15.
Qxe3 Nb4 16. Rhf1 Rc8 17. Rf2 Bd5 18. Kb1 Nxd3 19. Rxd3 Bc4 20. Rd1 Bxb3 21.
axb3 Bc5 22. Nxc5 Qxc5 23. Qxc5 Rxc5 24. Rd6 O-O 25. Rxa6 Rf5 26. Ra5 h6 27.
gxh6 g5 28. Rg2 Rxf4 29. Rxg5+ Kh7 30. Rgxb5 Rd8 31. b4 Rd1+ 32. Ka2 f6 33. Ra3
e5 34. Rh3 Rd7 35. c3 e4 36. Re3 Re7 37. Rb6 Rf2 38. Rd6 f5 39. Rd4 Ra7+ 40. Kb3
Kxh6 41. b5 Kg5 42. b6 Rb7 43. Rb4 Rf3 44. Re2 Rh3 45. Rg2+ Kf4 46. Kc2 Kf3 47.
Rg3+ Rxg3 48. hxg3 f4 49. gxf4 e3 50. Kd1 Kf2 51. Re4 Rxb6 52. b4 Rd6+ 53. Kc2
e2 54. c4 Rd4 55. Rxd4 e1=Q 56. c5 Ke3 57. Rd3+ Ke4 58. Rd2 Qe3 59. Rd6 Qa3 60.
Rb6 Kd4 61. Kd1 Qb2 62. Rd6+ Kc3 63. Ke1 Qxb4 64. Ke2 Qxf4 65. Rd1 Kc2 66. Rf1
Qe5+ 67. Kf3 Qxc5 68. Re1 Qf5+ 69. Ke3 Qe5+ 70. Kf2 Qf4+ 71. Ke2 Qd2+ 72. Kf1
Kd3 73. Re8 Qf4+ 74. Ke1 Qh4+ 75. Kf1 Qh5 76. Re1 Qf3+ 77. Kg1 Kd2 78. Rf1 Qg3+
79. Kh1 Qh3+ 80. Kg1 Ke2 81. Rf2+ Ke3 82. Re2+ Kd3 83. Rf2 Qg3+ 84. Kh1 Qh4+ 85.
Kg2 Qg4+ 86. Kh1 Ke3 87. Rf1 Qh4+ 88. Kg2 Ke2 89. Ra1 Qg4+ 90. Kh2 Qh5+ 91. Kg2
Qg6+ 92. Kh3 Qh7+ 0-1

[Event "World Senior Teams +65"]
[Site "Radebeul GER"]
[Date "2016.06.29"]
[Round "4.2"]
[Board "4"]
[White "Gruzmann, Boris"]
[Black "Maes, Valeer"]
[Result "1-0"]
[WhiteTitle "FM"]
[WhiteElo "2202"]
[BlackElo "2084"]
[WhiteTeam "Germany 2"]
[BlackTeam "Belgium 1"]
[WhiteFideId "4105290"]
[BlackFideId "201634"]
[EventDate "2016.06.26"]

1. e4 e6 2. d4 d5 3. e5 b6 4. c3 Qd7 5. Nf3 Ne7 6. a4 a5 7. Na3 Ba6 8. Bxa6 Nxa6
9. O-O c5 10. Nb5 Nc6 11. Bf4 cxd4 12. cxd4 Be7 13. Ng5 h6 14. Qh5 Rf8 15. Nh3
O-O-O 16. Qg4 g5 17. Be3 f5 18. exf6 Rxf6 19. f4 gxf4 20. Rxf4 Rdf8 21. Rxf6
Rxf6 22. Nf4 Rf5 23. Qg8+ 1-0

[Event "World Senior Teams +65"]
[Site "Radebeul GER"]
[Date "2016.06.29"]
[Round "4.3"]
[Board "1"]
[White "Frick, Christoph"]
[Black "Vogel, Jaap"]
[Result "1/2-1/2"]
[BlackTitle "FM"]
[WhiteElo "2243"]
[BlackElo "2126"]
[WhiteTeam "Eck-Gunners"]
[BlackTeam "Oranje 1"]
[WhiteFideId "4607090"]
[BlackFideId "1000764"]
[EventDate "2016.06.26"]

1. d4 Nf6 2. Bf4 g6 3. e3 Bg7 4. Nf3 O-O 5. Be2 d6 6. h3 c5 7. c3 Qb6 8. Qc1 Nc6
9. Nbd2 d5 10. O-O Re8 11. Ne5 Bf5 12. Nd3 Bxd3 13. Bxd3 e5 14. dxe5 Nxe5 15.
Bc2 Rad8 16. Rd1 Qa6 17. Bxe5 1/2-1/2

[Event "World Senior Teams +65"]
[Site "Radebeul GER"]
[Date "2016.06.29"]
[Round "4.3"]
[Board "2"]
[White "Ghijsen, Pim"]
[Black "Krauseneck, Peter"]
[Result "1/2-1/2"]
[WhiteElo "2174"]
[BlackElo "2186"]
[WhiteTeam "Oranje 1"]
[BlackTeam "Eck-Gunners"]
[WhiteFideId "1002201"]
[BlackFideId "4602986"]
[EventDate "2016.06.26"]

1. d4 d5 2. Nf3 Nf6 3. c4 c6 4. e3 Bf5 5. Nc3 e6 6. Bd3 dxc4 7. Bxc4 Be7 8. O-O
O-O 9. Qe2 Nbd7 10. e4 Bg4 11. Rd1 Qa5 12. h3 Bxf3 13. Qxf3 e5 14. d5 Bb4 15.
dxc6 bxc6 16. Bd2 Qc5 17. Bd3 Qe7 18. a3 Bc5 19. Rac1 Bd4 20. b4 a5 21. Ne2 axb4
22. axb4 Rfe8 23. Nxd4 exd4 24. Qe2 Ne5 25. f3 Ra3 26. Bc4 h6 27. Be1 Rd8 28.
Qb2 Re3 29. Bf2 Rc3 30. Rxc3 dxc3 31. Rxd8+ Qxd8 32. Qxc3 Nxc4 33. Qxc4 Qd7 34.
Bd4 Ne8 35. Be5 Kf8 36. Qc5+ Kg8 37. Qd4 Qe6 38. Kh2 f6 39. Bg3 g6 40. Qa7 h5
41. Qb6 Qd7 42. Qc5 Kf7 43. Bf2 Qe6 44. Qa7+ Kg8 45. Bc5 Qe5+ 46. Kh1 Qe6 47.
Qe7 Qxe7 48. Bxe7 Kf7 49. Bc5 Ke6 50. Kg1 f5 51. Kf2 fxe4 52. fxe4 Ke5 53. Ke3
g5 54. Be7 g4 55. hxg4 hxg4 56. Bc5 Nc7 57. Bd4+ Kd6 58. Ba7 Na6 59. Kf4 Nxb4
60. Kxg4 c5 61. Kf5 Nc6 62. e5+ Kd5 63. Bxc5 Nxe5 64. Ba3 Nc4 65. Bc1 Nd6+ 66.
Kf4 Ke6 67. g4 1/2-1/2

[Event "World Senior Teams +65"]
[Site "Radebeul GER"]
[Date "2016.06.29"]
[Round "4.3"]
[Board "3"]
[White "Gass, Ulrich"]
[Black "Westerveld, Wim"]
[Result "1-0"]
[WhiteElo "2081"]
[BlackElo "2157"]
[WhiteTeam "Eck-Gunners"]
[BlackTeam "Oranje 1"]
[WhiteFideId "4683307"]
[BlackFideId "1001310"]
[EventDate "2016.06.26"]

1. e4 c5 2. Nf3 g6 3. Bc4 Bg7 4. c3 d6 5. d4 cxd4 6. cxd4 Nf6 7. Nc3 O-O 8. h3
Nxe4 9. Bxf7+ Rxf7 10. Nxe4 Nc6 11. O-O h6 12. d5 Nb4 13. a3 Na6 14. Nd4 Nc5 15.
Ng3 Bxd4 16. Qxd4 Nb3 17. Qd1 Qa5 18. Qe1 Qxd5 1-0

[Event "World Senior Teams +65"]
[Site "Radebeul GER"]
[Date "2016.06.29"]
[Round "4.3"]
[Board "4"]
[White "Van Oosten, Arend"]
[Black "Freise, Eckhard"]
[Result "1-0"]
[WhiteElo "2082"]
[BlackElo "2003"]
[WhiteTeam "Oranje 1"]
[BlackTeam "Eck-Gunners"]
[WhiteFideId "1006053"]
[BlackFideId "4652193"]
[EventDate "2016.06.26"]

1. e4 e5 2. Bc4 Nf6 3. d3 Bc5 4. Nf3 d6 5. c3 O-O 6. O-O Bb6 7. Nbd2 Nc6 8. Bb3
a6 9. Nc4 Ba7 10. Bg5 h6 11. Bh4 g5 12. Bg3 Ne7 13. Re1 b5 14. Ne3 Bb7 15. h3
Qd7 16. Kh1 Nh5 17. Bxe5 dxe5 18. Nxe5 Qd6 19. Qxh5 Qxe5 20. Ng4 Qh8 21. Nxh6+
Kg7 22. Qxg5+ Kh7 23. Nxf7 Rxf7 24. Bxf7 Qf8 25. Bd5 c6 26. Be6 Rd8 27. d4 Rd6
28. Bf5+ Nxf5 29. exf5 Rd7 30. Re6 1-0

[Event "World Senior Teams +65"]
[Site "Radebeul GER"]
[Date "2016.06.29"]
[Round "4.4"]
[Board "1"]
[White "Werner, Clemens"]
[Black "Boehnisch, Manfred"]
[Result "1/2-1/2"]
[WhiteTitle "FM"]
[BlackTitle "FM"]
[WhiteElo "2334"]
[BlackElo "2302"]
[WhiteTeam "Germany 1"]
[BlackTeam "Schachfreunde Leipzig"]
[WhiteFideId "4604636"]
[BlackFideId "4611543"]
[EventDate "2016.06.26"]

1. e4 c6 2. Nc3 d5 3. Nf3 Bg4 4. Be2 e6 5. h3 Bh5 6. O-O Nf6 7. Ne5 Bxe2 8. Qxe2
dxe4 9. Nxe4 Nxe4 10. Qxe4 Nd7 11. d3 Nxe5 12. Qxe5 1/2-1/2

[Event "World Senior Teams +65"]
[Site "Radebeul GER"]
[Date "2016.06.29"]
[Round "4.4"]
[Board "2"]
[White "Schubert, Thomas"]
[Black "Baum, Bernd"]
[Result "1/2-1/2"]
[WhiteTitle "FM"]
[BlackTitle "FM"]
[WhiteElo "2362"]
[BlackElo "2237"]
[WhiteTeam "Schachfreunde Leipzig"]
[BlackTeam "Germany 1"]
[WhiteFideId "4643038"]
[BlackFideId "4611853"]
[EventDate "2016.06.26"]

1. d4 d5 2. Nf3 Nf6 3. c4 c6 4. e3 Bg4 5. h3 Bxf3 6. Qxf3 e6 7. Qd1 Bd6 8. Nc3
O-O 9. Bd3 Nbd7 10. O-O Qe7 11. Re1 dxc4 12. Bxc4 e5 13. Bd2 Rad8 1/2-1/2

[Event "World Senior Teams +65"]
[Site "Radebeul GER"]
[Date "2016.06.29"]
[Round "4.4"]
[Board "3"]
[White "Haakert, Juergen"]
[Black "Braun, Gottfried"]
[Result "1/2-1/2"]
[WhiteTitle "FM"]
[BlackTitle "FM"]
[WhiteElo "2341"]
[BlackElo "2240"]
[WhiteTeam "Germany 1"]
[BlackTeam "Schachfreunde Leipzig"]
[WhiteFideId "4602277"]
[BlackFideId "4611489"]
[EventDate "2016.06.26"]

1. c4 e5 2. Nc3 Be7 3. g3 Nf6 4. Bg2 O-O 5. Nf3 d6 6. O-O Nc6 7. d4 exd4 8. Nxd4
Nxd4 9. Qxd4 c6 10. Bf4 Be6 11. Rad1 Qa5 12. Bxd6 Bxd6 13. Qxd6 Bxc4 14. Qf4 Be6
15. Rd4 Qh5 16. Rfd1 Rac8 17. Bf3 Qc5 18. e4 Qe7 19. Qd6 Qxd6 20. Rxd6 Rfe8 1/2-1/2

[Event "World Senior Teams +65"]
[Site "Radebeul GER"]
[Date "2016.06.29"]
[Round "4.4"]
[Board "4"]
[White "Beltz, Robert"]
[Black "Kierzek, Matthias"]
[Result "1/2-1/2"]
[WhiteElo "2121"]
[BlackElo "2230"]
[WhiteTeam "Schachfreunde Leipzig"]
[BlackTeam "Germany 1"]
[WhiteFideId "1271028"]
[BlackFideId "4647009"]
[EventDate "2016.06.26"]

1. c4 c6 2. d4 d5 3. Nf3 Nf6 4. Nc3 dxc4 5. a4 Bf5 6. e3 e6 7. Bxc4 Bb4 8. O-O
Nbd7 9. Na2 Bd6 10. b4 O-O 11. Qb3 Be4 12. Bxe6 Bxf3 13. gxf3 Bxh2+ 14. Kxh2
fxe6 15. Qxe6+ Kh8 16. Nc3 Nh5 17. Ne4 Ndf6 18. Ng3 Qc7 19. Kg2 Nxg3 20. fxg3
Nd5 21. e4 Nxb4 22. Bf4 Rxf4 23. gxf4 Nd3 24. Kh1 Qxf4 25. Ra2 Qe3 26. Rh2 Rf8
27. Qe7 Rg8 28. Qf7 Nf4 29. Qf5 h6 30. Qe5 Ne2 31. f4 Qxe4+ 32. Qxe4 Ng3+ 33.
Kg2 Nxe4 34. Kf3 Nc3 35. Rb2 b6 36. a5 Nd5 37. axb6 axb6 38. Kg3 Rf8 39. Re2 Rf6
40. f5 g6 41. Re6 Kg7 42. Rxf6 Kxf6 43. fxg6+ Kxg6 44. Rc1 Kf5 45. Kf3 Ne7 46.
Rh1 Ng8 47. Re1 c5 48. d5 Nf6 49. d6 c4 50. Re7 c3 51. Ke2 1/2-1/2

[Event "World Senior Teams +65"]
[Site "Radebeul GER"]
[Date "2016.06.29"]
[Round "4.5"]
[Board "1"]
[White "Danner, Georg"]
[Black "Ager, Josef"]
[Result "1-0"]
[WhiteTitle "IM"]
[WhiteElo "2338"]
[BlackElo "2158"]
[WhiteTeam "Austria"]
[BlackTeam "Niederoesterreich"]
[WhiteFideId "1600303"]
[BlackFideId "1607138"]
[EventDate "2016.06.26"]

1. d4 Nf6 2. Nf3 g6 3. c4 Bg7 4. Nc3 d6 5. e4 O-O 6. Be2 e5 7. d5 Nh5 8. g3 a5
9. O-O Nf6 10. Nh4 Na6 11. Be3 Kh8 12. Rb1 Ng8 13. Qd2 f5 14. exf5 gxf5 15. f4
e4 16. Bd4 Nf6 17. Nd1 Nc5 18. Ne3 Ne8 19. b3 b6 20. Bxg7+ Nxg7 21. Qd4 Bd7 22.
Rfd1 Qf6 23. Qxf6 Rxf6 24. Kf2 Rff8 25. Ke1 Rfb8 26. a4 Kg8 27. Kd2 Kf7 28. Kc3
Kf6 29. Rg1 h5 30. Nhg2 Rh8 31. Ne1 Rhg8 32. N1c2 h4 33. g4 fxg4 34. Bxg4 Nf5
35. Bxf5 Bxf5 36. Nd4 Bh7 37. f5 Rxg1 38. Rxg1 Rg8 39. Ng4+ Rxg4 40. Rxg4 e3 41.
Rxh4 Bxf5 42. Rf4 1-0

[Event "World Senior Teams +65"]
[Site "Radebeul GER"]
[Date "2016.06.29"]
[Round "4.5"]
[Board "2"]
[White "Weinwurm, Wolfgang"]
[Black "Petschar, Kurt"]
[Result "0-1"]
[BlackTitle "FM"]
[WhiteElo "2172"]
[BlackElo "2278"]
[WhiteTeam "Niederoesterreich"]
[BlackTeam "Austria"]
[WhiteFideId "1619454"]
[BlackFideId "1600478"]
[EventDate "2016.06.26"]

1. e4 Nf6 2. e5 Nd5 3. d4 d6 4. c4 Nb6 5. f4 Bf5 6. Be3 e6 7. Nc3 Be7 8. Nf3 Nc6
9. d5 Na5 10. Bxb6 axb6 11. b4 dxe5 12. bxa5 Rxa5 13. dxe6 Qxd1+ 14. Nxd1 exf4
15. exf7+ Kxf7 16. g3 Bf6 0-1

[Event "World Senior Teams +65"]
[Site "Radebeul GER"]
[Date "2016.06.29"]
[Round "4.5"]
[Board "3"]
[White "Titz, Heimo"]
[Black "Winiwarter, Felix"]
[Result "1-0"]
[WhiteTitle "FM"]
[WhiteElo "2160"]
[BlackElo "2101"]
[WhiteTeam "Austria"]
[BlackTeam "Niederoesterreich"]
[WhiteFideId "1601520"]
[BlackFideId "1601890"]
[EventDate "2016.06.26"]

1. c4 Nf6 2. g3 g6 3. Bg2 Bg7 4. Nc3 O-O 5. Nf3 d6 6. d4 Nc6 7. h3 a6 8. O-O Rb8
9. Be3 b5 10. Nd2 Bd7 11. b3 e5 12. Nf3 Re8 13. cxb5 axb5 14. dxe5 dxe5 15. Rc1
b4 16. Na4 Qc8 17. Kh2 Rd8 18. Qc2 Be8 19. Rfd1 Qa6 20. Bc5 Qb5 21. e3 Nd7 22.
Nd2 Nxc5 23. Nxc5 Bf8 24. Bf1 Qa5 25. Nde4 Kg7 26. Bg2 Qa7 27. h4 h5 28. Na4
Rxd1 29. Rxd1 Rd8 30. Rc1 Be7 31. Bf3 Qa6 32. Kg2 Qb5 33. Ng5 Rd6 34. Qb2 Rf6
35. Qc2 Bd7 36. Nc5 Bf5 37. Nce4 Qa6 38. Qb2 Bxe4 39. Nxe4 Re6 40. Nc5 Bxc5 41.
Rxc5 f6 42. Qc2 Ne7 43. Rxc7 Qd6 44. Qc5 Qxc5 45. Rxc5 Rb6 46. Rc7 Kf8 47. Ra7
Ke8 48. a4 bxa3 49. Rxa3 Kd7 50. Be2 Kd6 51. Bc4 Kc5 52. Ra7 Kd6 53. Kf3 Nf5 54.
Ke4 Ne7 55. Kd3 Nf5 56. Kc3 Ne7 57. b4 Nd5+ 58. Bxd5 Kxd5 59. f3 f5 60. Ra5+ Kd6
61. f4 exf4 62. exf4 Kc7 63. b5 Re6 64. Ra7+ Kb8 65. Ra3 Re4 66. Rb3 Kb7 67. Kd3
Kb6 68. Rb2 Ra4 69. Rb3 Re4 70. Kd2 Rd4+ 71. Rd3 Ra4 72. Rd6+ Kxb5 73. Rxg6 Kc4
74. Ke2 Kd4 75. Rd6+ Ke4 76. Re6+ Kd4 77. Re5 Ra2+ 78. Kf3 Ra3+ 79. Kg2 Ra2+ 80.
Kh3 Ra1 81. Rxf5 Ke4 82. Rb5 Kf3 83. Rb3+ Kf2 84. Kh2 Ra2 85. f5 Kf1+ 86. Kh3
Kg1 87. Rb1+ Kf2 88. f6 Ra3 89. Rb2+ Kg1 90. f7 Rf3 91. Rb5 Kf2 92. Rg5 1-0

[Event "World Senior Teams +65"]
[Site "Radebeul GER"]
[Date "2016.06.29"]
[Round "4.5"]
[Board "4"]
[White "Woeber, Friedrich"]
[Black "Singer, Hans"]
[Result "1/2-1/2"]
[BlackTitle "FM"]
[WhiteElo "2116"]
[BlackElo "2191"]
[WhiteTeam "Niederoesterreich"]
[BlackTeam "Austria"]
[WhiteFideId "1604694"]
[BlackFideId "1600800"]
[EventDate "2016.06.26"]

1. e4 c6 2. d4 d5 3. exd5 cxd5 4. Bd3 Nc6 5. c3 g6 6. Nf3 Bf5 7. Bxf5 gxf5 8.
Bg5 Qb6 9. Qe2 e6 10. O-O Be7 11. Bxe7 Ngxe7 12. Na3 a6 1/2-1/2

[Event "World Senior Teams +65"]
[Site "Radebeul GER"]
[Date "2016.06.29"]
[Round "4.6"]
[Board "1"]
[White "Renman, Nils-Gustaf"]
[Black "Schmidt, Gerhard3"]
[Result "0-1"]
[WhiteTitle "IM"]
[WhiteElo "2352"]
[BlackElo "2077"]
[WhiteTeam "Sweden 1"]
[BlackTeam "Saxone"]
[WhiteFideId "1700367"]
[BlackFideId "12962260"]
[EventDate "2016.06.26"]

1. d4 Nf6 2. Nf3 d5 3. c4 e6 4. Nc3 Be7 5. Bg5 O-O 6. e3 h6 7. Bh4 Ne4 8. Bxe7
Qxe7 9. Qc2 c6 10. Bd3 Nxc3 11. Qxc3 dxc4 12. Bxc4 b6 13. O-O Bb7 14. Be2 Nd7
15. b4 Rfc8 16. Nd2 c5 17. dxc5 bxc5 18. b5 Nb6 19. Rfc1 c4 20. a4 Rc7 21. Qa3
Qg5 22. Nf3 Bxf3 23. Bxf3 Rac8 24. Bc6 a5 25. Qd6 Qe7 26. Qd2 Qc5 27. Qc3 Ra7
28. Rd1 Rac7 29. e4 Ra7 30. Qd4 Qxd4 31. Rxd4 Kf8 32. Kf1 Ke7 33. Ke2 Rd8 34.
Rxd8 Kxd8 35. e5 f6 36. f4 fxe5 37. fxe5 Rf7 38. Ke3 Rf5 39. Kd4 Kc7 40. Ra3
Rf4+ 41. Be4 Rf1 42. Rg3 Rd1+ 43. Kc5 Nxa4+ 44. Kxc4 Rd7 45. Ra3 Nb6+ 46. Kc5
Rd1 47. Rxa5 Nd7+ 48. Kb4 Rd4+ 49. Kc3 Rxe4 50. Ra7+ Kd8 0-1

[Event "World Senior Teams +65"]
[Site "Radebeul GER"]
[Date "2016.06.29"]
[Round "4.6"]
[Board "2"]
[White "Lenk, Wolfgang"]
[Black "Hammar, Bengt"]
[Result "1-0"]
[BlackTitle "FM"]
[WhiteElo "2213"]
[BlackElo "2164"]
[WhiteTeam "USV TU Dresden"]
[BlackTeam "Sweden 1"]
[WhiteFideId "4612388"]
[BlackFideId "1700391"]
[EventDate "2016.06.26"]

1. e4 c5 2. Nf3 d6 3. d4 cxd4 4. Nxd4 Nf6 5. Nc3 a6 6. Bg5 e6 7. f4 Nbd7 8. Qf3
Qc7 9. O-O-O b5 10. Bd3 Be7 11. Rhe1 Bb7 12. Bxf6 Nxf6 13. g4 b4 14. Nce2 g6 15.
Kb1 e5 16. fxe5 dxe5 17. Nb3 Bc8 18. g5 Nh5 19. h4 O-O 20. Nd2 Be6 21. Nf1 a5
22. Nfg3 Nxg3 23. Qxg3 Ra7 24. Rh1 a4 25. Rc1 Qb8 26. h5 Bc5 27. Rh2 Rc8 28. Qf3
b3 29. cxb3 axb3 30. a3 Be7 31. Rxc8+ Qxc8 32. Qe3 Rc7 33. hxg6 fxg6 34. Nc3 Qf8
35. Rg2 Bxa3 36. Nd5 Bc5 37. Qe2 Bxd5 38. exd5 Bd4 39. d6 Qxd6 40. Bc4+ Kg7 41.
Bxb3 Qc5 42. Qf1 e4 43. Rc2 Qe7 44. Rc4 Rd7 45. Rc8 Rd8 46. Qc4 Rxc8 47. Qxd4+ 1-0